00423nam a2200121Ia 4500008004100000245007700041245002200118260000900140650001200149856004800161999001900209952007300228171211s9999 xx 000 0 und d aHero of the Crossing: How Anwar Sadat and the 1973 War Changed the World cThomas W. Lippman c2016 xHistory uhttp://down.ebook777.com/064/1612347029.pdf c348802d348802 001040aCLbCLd2017-12-11l0r2017-12-11 00:00:00w2017-12-11yCBE